|
|
|
|
| LEADER |
01758nam a22004572a 4500 |
| 001 |
000121420 |
| 003 |
CZ BrMZK |
| 005 |
20181011074842.0 |
| 007 |
ta |
| 008 |
970107s1989 xr e dcze d |
| 015 |
|
|
|a cnb000045554
|
| 035 |
|
|
|a (OCoLC)20661864
|
| 040 |
|
|
|a BOA001
|b cze
|
| 043 |
|
|
|a e-xr---
|
| 045 |
|
|
|a w9x1
|
| 072 |
|
7 |
|a 821.162.3.09
|x Česká literatura (o ní)
|2 Konspekt
|9 11
|
| 080 |
|
|
|a 821.162.3-3
|2 MRF
|
| 080 |
|
|
|a 82.0
|2 MRF
|
| 080 |
|
|
|a 82.07
|2 MRF
|
| 080 |
|
|
|a 82.09
|2 MRF
|
| 080 |
|
|
|a (437.3)
|2 MRF
|
| 080 |
|
|
|a (048.8)
|2 MRF
|
| 100 |
1 |
|
|a Janáčková, Jaroslava,
|d 1930-2024
|7 jk01050748
|4 aut
|
| 245 |
1 |
0 |
|a Román mezi modernami :
|b studie z historické poetiky /
|c Jaroslava Janáčková
|
| 250 |
|
|
|a 1. vyd.
|
| 260 |
|
|
|a Praha :
|b Československý spisovatel,
|c 1989
|
| 300 |
|
|
|a 271 s.
|
| 648 |
|
4 |
|a 1895-1914
|
| 648 |
|
7 |
|a 19.-20. století
|7 ch757015
|2 czenas
|
| 650 |
0 |
7 |
|a česká próza
|7 ph116861
|y 19.-20. století
|2 czenas
|
| 650 |
0 |
7 |
|a poetika
|7 ph117252
|z Česko
|y 19.-20. století
|2 czenas
|
| 650 |
0 |
7 |
|a interpretace a přijetí literárního díla
|7 ph137145
|2 czenas
|
| 650 |
0 |
7 |
|a literárněvědné rozbory
|7 ph138745
|2 czenas
|
| 655 |
|
7 |
|a studie
|7 fd133597
|2 czenas
|
| 856 |
4 |
1 |
|u http://www.digitalniknihovna.cz/mzk/uuid/uuid:95fa8050-2c2d-11e4-8f64-005056827e52
|y Digitalizovaný dokument
|x NDK
|
| 910 |
|
|
|a BOA001
|b PK-0109.981
|b 2-0942.972
|
| 920 |
|
|
|a 000132154
|
| 990 |
|
|
|a BK
|
| 996 |
6 |
|
|b 2619916152
|c 2-0942.972
|l MZK
|r Sklad / do 1 hodiny
|n 10
|w 000121420
|u 000030
|a 1
|e BOA001
|j MZK50
|s P
|
| 996 |
7 |
|
|b 2619975589
|c 2-0942.972
|l MZK
|r Sklad / do 1 hodiny
|n 45
|w 000121420
|u 000020
|a 1
|e BOA001
|j MZK50
|s A
|
| 996 |
7 |
|
|b 3119956968
|c PK-0109.981
|l MZK
|r Sklad / do 1 hodiny
|n 44
|w 000121420
|u 000010
|a 1
|e BOA001
|j MZK50
|s A
|